[Event "27.Autunno M.Monticelli A"]
[Site "Venezia"]
[Date "2023.10.15"]
[Round "4.3"]
[White "Gaion, Giancarlo"]
[Black "Bonan, Yves"]
[Result "1/2-1/2"]
[WhiteElo "1831"]
[BlackElo "1842"]
[Annotator "Ballarin,Gabriele"]
[PlyCount "120"]
[EventDate "2023.10.13"]
[EventType "swiss"]
[EventRounds "5"]
[EventCountry "ITA"]

1. Nf3 d5 2. d4 Bf5 3. e3 e6 4. Bd3 Bg6 5. O-O Bd6 6. b3 c6 7. Bb2 Qc7 8. Ne5 Bxe5 9. dxe5 Bxd3 10. cxd3 g6 11. Nd2 Nd7 12. f4 Ne7 13. Rc1 Nf5 14. Qe2 Qb6 15. d4 h5 16. Nf3 a6 17. Kh1 Qa5 18. Bc3 Qb5 19. Qd2 O-O 20. Ng5 a5 21. e4 Ne7 22. Rf3 dxe4 23. Nxe4 Nf5 24. h3 Qd5 25. Qe1 Kg7 26. Rd1 b6 27. Bb2 a4 28. Nc3 Qa5 29. bxa4 Qb4 30. Rd2 Nxd4 31. Rfd3 c5 32. Ne4 Rxa4 33. Bxd4 cxd4 34. Qd1 Qa5 35. Rxd4 Rxd4 36. Rxd4 Nc5 37. Nxc5 bxc5 38. Rc4 Qxa2 39. Rxc5 Ra8 40. Qc1 Ra4 41. Rc2 Qd5 42. Kh2 Qd4 43. g3 Ra1 44. Rd2 Rxc1 45. Rxd4 Rc2+ 46. Kg1 Kh6 47. Rd7 Kg7 48. Rd3 Rc4 49. Kg2 h4 50. Kf3 hxg3 51. Kxg3 Re4 52. h4 Kh6 53. Kg4 Re1 54. Rd7 Rg1+ 55. Kh3 Kg7 56. Rd3 Ra1 57. Kg4 Ra7 58. h5 Ra1 59. hxg6 Kxg6 60. Rg3 Rf1 1/2-1/2

[Event "27.Autunno M.Monticelli A"]
[Site "Venezia"]
[Date "2023.10.15"]
[Round "5.1"]
[White "Ballarin, Gabriele"]
[Black "Pentelashoski, Ivanche"]
[Result "1/2-1/2"]
[WhiteElo "1748"]
[BlackElo "1801"]
[Annotator "Ballarin,Gabriele"]
[PlyCount "63"]
[EventDate "2023.10.13"]
[EventType "swiss"]
[EventRounds "5"]
[EventCountry "ITA"]

1. d3 c5 2. Nf3 d5 3. c4 dxc4 4. Qa4+ Nc6 5. Qxc4 Qb6 6. Nbd2 e6 7. g3 Nf6 8. Bg2 Be7 9. O-O Qc7 10. b3 Rb8 11. Bb2 b6 12. Qc1 O-O 13. Nc4 Nd7 14. Qe3 Bf6 15. Bxf6 Nxf6 16. Rfc1 Rd8 17. Qd2 Bb7 18. Qb2 {=} Nd4 19. Nxd4 Rxd4 20. Bxb7 Qxb7 21. Ne3 h5 22. Rc4 Rbd8 23. Rac1 Qb8 24. Ng2 Ng4 25. Rxd4 Rxd4 26. Rc4 Qe5 27. Rxd4 cxd4 28. h3 Nf6 29. e3 Qf5 {=} 30. Qxd4 Qxh3 31. Nf4 Qg4 32. Qa1 {=} 1/2-1/2

[Event "27.Autunno M.Monticelli A"]
[Site "Venezia"]
[Date "2023.10.15"]
[Round "5.3"]
[White "Feltrin, Francesco"]
[Black "Gaion, Giancarlo"]
[Result "1-0"]
[WhiteElo "1891"]
[BlackElo "1831"]
[Annotator "Ballarin,Gabriele"]
[PlyCount "67"]
[EventDate "2023.10.13"]
[EventType "swiss"]
[EventRounds "5"]
[EventCountry "ITA"]

1. f4 d5 2. b3 e6 3. Bb2 Nd7 4. Nf3 f5 5. e3 Ngf6 6. Be2 Bd6 7. O-O O-O 8. Ne5 Qe7 9. d3 c5 10. Nd2 g6 11. Ndf3 Bxe5 12. Nxe5 Qd6 13. a4 d4 14. Nc4 Qc7 15. exd4 Nb6 16. Nxb6 axb6 17. Kh1 Nd5 18. Qd2 Rd8 19. c4 Nb4 20. Bc3 Qd6 21. Bf3 Ra7 22. Rae1 Bd7 23. Bxb4 cxb4 24. d5 Re8 25. Re5 Ra5 26. Rfe1 Kf7 27. d4 Ra7 28. dxe6+ Bxe6 29. Rxe6 Rxe6 30. Bd5 Kg7 31. Rxe6 Qf8 32. Qe1 Ra8 33. Re7+ Kh8 34. Qe5+ 1-0

[Event "27.Autunno M.Monticelli B"]
[Site "Venezia"]
[Date "2023.10.13"]
[Round "1.1"]
[White "Velluti, Alberto"]
[Black "Zanon, Michele"]
[Result "1-0"]
[WhiteElo "1718"]
[BlackElo "1364"]
[Annotator "Ballarin,Gabriele"]
[PlyCount "85"]
[EventDate "2023.10.13"]
[EventType "swiss"]
[EventRounds "5"]
[EventCountry "ITA"]

1. e4 c5 2. Nf3 d6 3. d4 cxd4 4. Nxd4 Nf6 5. Nc3 a6 6. Be2 e5 7. Nb3 Be6 8. Bg5 Be7 9. Qd2 Nbd7 10. O-O O-O 11. Rad1 Re8 12. f4 b5 13. fxe5 dxe5 14. a3 Qb6+ 15. Be3 Qb7 16. Qe1 Rac8 17. Bd3 b4 18. axb4 Bxb4 19. Bd2 a5 20. Kh1 a4 21. Nxa4 Bxd2 22. Nxd2 Nf8 23. b3 Ng6 24. Qf2 Nf4 25. Nc5 Qe7 26. Nxe6 Nxd3 27. Qg3 Qxe6 28. Qxd3 Red8 29. Qg3 Rxc2 30. Nc4 Re8 31. Nd6 Ra8 32. Nf5 g6 33. Nh6+ Kg7 34. Qh4 Nh5 35. Nxf7 Raa2 36. Ng5 Qe8 37. Rf7+ Qxf7 38. Nxf7 Rxg2 39. Nxe5 Nf6 40. Rf1 g5 41. Qh3 h5 42. Qxg2 Rxg2 43. Kxg2 1-0

[Event "27.Autunno M.Monticelli B"]
[Site "Venezia"]
[Date "2023.10.13"]
[Round "1.2"]
[White "Carboni, Giacomo"]
[Black "Baymani, Soroush"]
[Result "1-0"]
[WhiteElo "1323"]
[BlackElo "1642"]
[Annotator "Ballarin,Gabriele"]
[PlyCount "120"]
[EventDate "2023.10.13"]
[EventType "swiss"]
[EventRounds "5"]
[EventCountry "ITA"]

1. e4 c5 2. Nc3 Nc6 3. f4 g6 4. Nf3 Bg7 5. Bb5 e6 6. Bxc6 bxc6 7. O-O Ne7 8. e5 d5 9. exd6 Qxd6 10. d3 Nd5 11. Ne4 Qe7 12. c4 Nf6 13. Nfg5 Nxe4 14. Nxe4 f5 15. Ng5 O-O 16. Rb1 Qd6 17. Qe2 h6 18. Nf3 a5 19. Be3 Kh7 20. Rbd1 e5 21. fxe5 Bxe5 22. Qf2 Qf6 23. Bxc5 Rd8 24. d4 Bd6 25. Bxd6 Rxd6 26. Ne5 c5 27. Nf3 cxd4 28. Rxd4 Bb7 29. Rxd6 Qxd6 30. Qd4 Qxd4+ 31. Nxd4 Be4 32. Rd1 Kg8 33. Nb5 Kf8 34. b3 Ke7 35. Kf2 a4 36. b4 Rc8 37. c5 Rb8 38. Nd6 Rxb4 39. Nxe4 fxe4 40. Ke3 Rc4 41. Rd4 Rxc5 42. Rxe4+ Kf6 43. Rxa4 Rc2 44. Rf4+ Ke5 45. Rf2 Rc3+ 46. Kd2 Ra3 47. Kc1 Ra6 48. Kb2 Kd4 49. a4 Kc4 50. Ka3 Rd6 51. Rf4+ Kc5 52. a5 Kb5 53. Kb3 Kxa5 54. Kc4 Kb6 55. Rd4 Rf6 56. Kd5 Rf5+ 57. Ke6 Kc5 58. Rg4 Rh5 59. h3 g5 60. Kf5 Kd5 1-0

[Event "27.Autunno M.Monticelli B"]
[Site "Venezia"]
[Date "2023.10.13"]
[Round "1.3"]
[White "De Bona, Filippo"]
[Black "Girardi, Alvise"]
[Result "1-0"]
[WhiteElo "1624"]
[BlackElo "1322"]
[Annotator "Ballarin,Gabriele"]
[PlyCount "39"]
[EventDate "2023.10.13"]
[EventType "swiss"]
[EventRounds "5"]
[EventCountry "ITA"]

1. d4 Nf6 2. c4 g6 3. Nc3 Bg7 4. e4 d6 5. f3 Nbd7 6. Be3 O-O 7. Qd2 Re8 8. O-O-O a6 9. h4 h5 10. Nh3 Nh7 11. Be2 c6 12. g4 hxg4 13. fxg4 b5 14. h5 gxh5 15. gxh5 Kf8 16. Bh6 f6 17. Rhg1 Bxh6 18. Qxh6+ Kf7 19. Qxh7+ Ke6 20. Nf4# 1-0

[Event "27.Autunno M.Monticelli B"]
[Site "Venezia"]
[Date "2023.10.13"]
[Round "1.4"]
[White "Cedriano, Mattia"]
[Black "Balbi, Fabio"]
[Result "0-1"]
[WhiteElo "1269"]
[BlackElo "1622"]
[Annotator "Ballarin,Gabriele"]
[PlyCount "64"]
[EventDate "2023.10.13"]
[EventType "swiss"]
[EventRounds "5"]
[EventCountry "ITA"]

1. e4 c5 2. Nf3 e6 3. d4 cxd4 4. Nxd4 a6 5. c4 d6 6. Nc3 Nf6 7. f3 Be7 8. Be3 O-O 9. Be2 b6 10. O-O Bb7 11. Qd2 Nbd7 12. Rad1 Rc8 13. b3 Qc7 14. Rc1 Rfe8 15. Rfd1 Rcd8 16. Kh1 Qb8 17. Qc2 d5 18. exd5 exd5 19. cxd5 Ba3 20. Rb1 Rxe3 21. b4 Rc8 22. Rb3 Bxb4 23. Rxb4 Rexc3 24. Qd2 Nxd5 25. Rb2 N7f6 26. Nf5 h6 27. g4 Qe5 28. Bd3 Rxd3 29. Qxd3 Qxb2 30. Nd6 Rc2 31. Qf1 Ne3 32. Qh3 Nxd1 0-1

[Event "27.Autunno M.Monticelli B"]
[Site "Venezia"]
[Date "2023.10.13"]
[Round "1.5"]
[White "Marson, Eva Jane"]
[Black "Magda, Serafima"]
[Result "1-0"]
[WhiteElo "1621"]
[BlackElo "1252"]
[Annotator "Ballarin,Gabriele"]
[PlyCount "73"]
[EventDate "2023.10.13"]
[EventType "swiss"]
[EventRounds "5"]
[EventCountry "ITA"]

1. e4 e6 2. d3 d5 3. Nd2 Nf6 4. Ngf3 c5 5. g3 Nc6 6. Bg2 Bd6 7. O-O O-O 8. Re1 Qc7 9. Qe2 dxe4 10. dxe4 e5 11. c3 Bg4 12. h3 Bh5 13. Nf1 Rad8 14. g4 Bg6 15. Ng3 Qc8 16. Nh4 Rd7 17. g5 Ne8 18. Nhf5 f6 19. h4 Bxf5 20. Nxf5 fxg5 21. hxg5 Rdf7 22. Qg4 Qc7 23. Re3 Ne7 24. Rh3 Nxf5 25. exf5 Rxf5 26. Bd5+ R5f7 27. Qh4 h6 28. gxh6 g6 29. Bxf7+ Qxf7 30. Be3 Nf6 31. Rd1 Be7 32. b3 Nd5 33. Qc4 Nxe3 34. Qxf7+ Rxf7 35. Rxe3 Bf6 36. Rd6 Kh7 37. Rf3 1-0

[Event "27.Autunno M.Monticelli B"]
[Site "Venezia"]
[Date "2023.10.13"]
[Round "1.6"]
[White "Piovesan, Alberto"]
[Black "Alessandrini, Alfredo"]
[Result "0-1"]
[WhiteElo "1247"]
[BlackElo "1608"]
[Annotator "Ballarin,Gabriele"]
[PlyCount "110"]
[EventDate "2023.10.13"]
[EventType "swiss"]
[EventRounds "5"]
[EventCountry "ITA"]

1. d4 d5 2. c4 e5 3. cxd5 Qxd5 4. e3 exd4 5. Qxd4 Qxd4 6. exd4 Be6 7. Nf3 Be7 8. Bd3 Nd7 9. Bf4 O-O-O 10. Nc3 Bb4 11. O-O a6 12. a3 Ba5 13. b4 Bb6 14. Be3 Ngf6 15. Na4 Nd5 16. Ng5 Rde8 17. Nxe6 fxe6 18. Nxb6+ N7xb6 19. Rfc1 Nf6 20. Rc2 Nbd5 21. h3 Nxe3 22. fxe3 e5 23. Rac1 c6 24. b5 axb5 25. Bxb5 exd4 26. exd4 Rd8 27. Rd1 Rhe8 28. Bd3 Kb8 29. Bc4 Nd5 30. Bxd5 Rxd5 31. Rcd2 Re3 32. Rd3 Rxd3 33. Rxd3 c5 34. Kf2 b5 35. Ke3 c4 36. Rc3 Kc7 37. a4 Kc6 38. Ke4 Rd7 39. axb5+ Kxb5 40. Rc1 Re7+ 41. Kd5 Rd7+ 42. Ke4 Rc7 43. Ke5 Re7+ 44. Kf4 Kb4 45. Rb1+ Kc3 46. d5 Kc2 47. Rb5 Kd3 48. d6 Rf7+ 49. Kg3 Rd7 50. Rd5+ Ke4 51. Rd1 c3 52. Re1+ Kd3 53. Rf1 Rxd6 54. Rf3+ Kd2 55. Rf2+ Kc1 0-1

[Event "27.Autunno M.Monticelli B"]
[Site "Venezia"]
[Date "2023.10.13"]
[Round "1.7"]
[White "Rossi, Gianni"]
[Black "Piovesan, Sara"]
[Result "0-1"]
[WhiteElo "1495"]
[BlackElo "1235"]
[Annotator "Ballarin,Gabriele"]
[PlyCount "57"]
[EventDate "2023.10.13"]
[EventType "swiss"]
[EventRounds "5"]
[EventCountry "ITA"]

1. d4 d5 2. e4 e6 3. Be3 Nf6 4. e5 Nfd7 5. f4 c5 6. c3 Nc6 7. Nf3 cxd4 8. cxd4 f6 9. Nc3 Be7 10. Bd3 fxe5 11. fxe5 Nb6 12. O-O Nc4 13. Qe2 Nxe3 14. Qxe3 Nb4 15. Bb1 Bd7 16. a3 Nc6 17. Bc2 Na5 18. Nd2 Bg5 19. Qf3 Qe7 20. Qh5+ Kd8 21. Rf7 Be3+ 22. Kh1 Be8 23. Qf3 Bxf7 24. Qxe3 Bg6 25. Bd3 Bxd3 26. Qxd3 a6 27. b4 Nc4 28. Nxc4 dxc4 29. Qxc4 0-1

[Event "27.Autunno M.Monticelli B"]
[Site "Venezia"]
[Date "2023.10.13"]
[Round "1.8"]
[White "Patron, Cristobal"]
[Black "Hernandez Proto, Maria Angelina"]
[Result "0-1"]
[WhiteElo "1227"]
[BlackElo "1494"]
[Annotator "Ballarin,Gabriele"]
[PlyCount "52"]
[EventDate "2023.10.13"]
[EventType "swiss"]
[EventRounds "5"]
[EventCountry "ITA"]

1. e4 c5 2. Nf3 Nc6 3. d4 cxd4 4. Nxd4 Nf6 5. Nc3 e6 6. Bc4 Bb4 7. Qf3 Nxd4 8. Qd3 Nc6 9. O-O Ne5 10. Qe2 Qc7 11. Nb5 Qb8 12. Bf4 a6 13. Nc3 Bd6 14. Bg3 Nxc4 15. Qxc4 Bxg3 16. fxg3 Ng4 17. Qe2 h5 18. h3 Qa7+ 19. Kh1 Qe3 20. Qc4 Qxg3 21. hxg4 hxg4+ 22. Kg1 Qe3+ 23. Rf2 g3 24. Raf1 Rh1+ 25. Kxh1 Qh6+ 26. Kg1 Qh2# 0-1

[Event "27.Autunno M.Monticelli B"]
[Site "Venezia"]
[Date "2023.10.13"]
[Round "1.9"]
[White "Rizzo, Nicodemo"]
[Black "Sorgi, Franco"]
[Result "1/2-1/2"]
[WhiteElo "1482"]
[BlackElo "1207"]
[Annotator "Ballarin,Gabriele"]
[PlyCount "73"]
[EventDate "2023.10.13"]
[EventType "swiss"]
[EventRounds "5"]
[EventCountry "ITA"]

1. d4 d5 2. c4 Nf6 3. e3 e6 4. Nc3 Nc6 5. Nf3 Be7 6. Be2 O-O 7. O-O b6 8. Bd2 Bb7 9. h3 Na5 10. cxd5 Nxd5 11. a3 a6 12. b4 Nxc3 13. Bxc3 Nc6 14. Rc1 b5 15. Ne5 Nxe5 16. dxe5 Qd5 17. Qxd5 Bxd5 18. Bd4 Rac8 19. Bc5 Bxc5 20. Rxc5 f6 21. exf6 Rxf6 22. f3 Kf7 23. Rfc1 Kg6 24. Bd3+ Kh6 25. Rxc7 Rxc7 26. Rxc7 Bxf3 27. gxf3 Rxf3 28. Bf1 Rxe3 29. Rc6 Rxa3 30. Rxe6+ g6 31. Re4 Ra4 32. Re6 Rxb4 33. Rxa6 Rb2 34. Rb6 b4 35. Rb5 Kg7 36. Rb7+ Kh6 37. Rb5 1/2-1/2

[Event "27.Autunno M.Monticelli B"]
[Site "Venezia"]
[Date "2023.10.13"]
[Round "1.10"]
[White "Scandiuzzi, Roberto"]
[Black "Lenzing, Raphael"]
[Result "0-1"]
[WhiteElo "1206"]
[BlackElo "1439"]
[Annotator "Ballarin,Gabriele"]
[PlyCount "94"]
[EventDate "2023.10.13"]
[EventType "swiss"]
[EventRounds "5"]
[EventCountry "ITA"]

1. d4 Nf6 2. c4 e6 3. Nc3 d5 4. Bg5 Be7 5. cxd5 exd5 6. h3 O-O 7. Nf3 h6 8. Bc1 Bf5 9. e3 c6 10. Be2 Nbd7 11. O-O Re8 12. Bd3 Bxd3 13. Qxd3 Bf8 14. Re1 Ne4 15. a3 Qc7 16. Nd2 Ndf6 17. b4 Bd6 18. Nf3 Re7 19. Bb2 Rae8 20. Rac1 g5 21. Nb5 Qb8 22. Nxd6 Qxd6 23. Ne5 h5 24. Qe2 Qe6 25. f3 Ng3 26. Qf2 h4 27. Ng4 Nxg4 28. fxg4 Rf8 29. e4 Nxe4 30. Qe3 f5 31. gxf5 Rxf5 32. Rf1 Ng3 33. Qxe6+ Rxe6 34. Rxf5 Nxf5 35. Rf1 Ng3 36. Rd1 Re2 37. Bc1 Ne4 38. Kf1 Rf2+ 39. Kg1 Rc2 40. Rf1 Kg7 41. Be3 Kg6 42. Bc1 Ng3 43. Rd1 Rxc1 44. Rxc1 Ne2+ 45. Kf2 Nxc1 46. g4 hxg3+ 47. Kxg3 Ne2+ 0-1

[Event "27.Autunno M.Monticelli B"]
[Site "Venezia"]
[Date "2023.10.13"]
[Round "1.11"]
[White "Zanon, Dante"]
[Black "Lobina, Riccardo Marco"]
[Result "1-0"]
[WhiteElo "1126"]
[BlackElo "1437"]
[Annotator "Ballarin,Gabriele"]
[PlyCount "53"]
[EventDate "2023.10.13"]
[EventType "swiss"]
[EventRounds "5"]
[EventCountry "ITA"]

1. e4 c5 2. Nf3 Nc6 3. Bb5 d6 4. O-O e5 5. Re1 Nf6 6. h3 Bd7 7. Bf1 Be7 8. Nc3 Be6 9. d3 h6 10. Ne2 b5 11. c3 O-O 12. Ng3 Qd7 13. d4 exd4 14. cxd4 Nxd4 15. Nxd4 cxd4 16. Qxd4 Bd8 17. Bf4 Be7 18. Red1 Rfd8 19. b3 Ne8 20. Rac1 g5 21. Be3 Bf6 22. Qd3 a6 23. Bd4 Bxd4 24. Qxd4 Rac8 25. Rxc8 Qxc8 26. e5 dxe5 27. Qxd8 1-0

[Event "27.Autunno M.Monticelli B"]
[Site "Venezia"]
[Date "2023.10.13"]
[Round "1.12"]
[White "Franco Tevez Inti, Mahatma"]
[Black "Tona, Leonardo"]
[Result "1-0"]
[WhiteElo "1047"]
[BlackElo "1423"]
[Annotator "Ballarin,Gabriele"]
[PlyCount "59"]
[EventDate "2023.10.13"]
[EventType "swiss"]
[EventRounds "5"]
[EventCountry "ITA"]

1. e4 c6 2. d4 d5 3. exd5 cxd5 4. Nf3 Nc6 5. Nc3 Nf6 6. Be2 Bf5 7. Bf4 e6 8. O-O Be7 9. Re1 O-O 10. Bd3 Bg4 11. h3 Bxf3 12. Qxf3 Nxd4 13. Qe3 Bc5 14. Qd2 Nd7 15. Be3 Nf6 16. Bxh7+ Kxh7 17. Bxd4 Bxd4 18. Qxd4 Rh8 19. Ne2 Qc7 20. c3 Kg8 21. Nf4 Re8 22. Qd2 Ne4 23. Qe3 g5 24. Nd3 g4 25. f3 gxf3 26. Qxf3 Kf8 27. Rf1 Nd2 28. Qf4 Qb6+ 29. Rf2 Ne4 30. Qxf7# 1-0

[Event "27.Autunno M.Monticelli B"]
[Site "Venezia"]
[Date "2023.10.13"]
[Round "1.13"]
[White "Arcudi, Gioele"]
[Black "Tatulli Uva, Alberto"]
[Result "1-0"]
[WhiteElo "1413"]
[BlackElo "1025"]
[Annotator "Ballarin,Gabriele"]
[PlyCount "147"]
[EventDate "2023.10.13"]
[EventType "swiss"]
[EventRounds "5"]
[EventCountry "ITA"]

1. e4 e5 2. Nf3 Nc6 3. Bc4 Bc5 4. O-O Nf6 5. d4 Bxd4 6. Nxd4 Nxd4 7. Bg5 h6 8. Bh4 O-O 9. f4 b5 10. fxe5 bxc4 11. exf6 Nc6 12. fxg7 Qxh4 13. gxf8=Q+ Kxf8 14. Qd5 Qe7 15. Nc3 Bb7 16. Rf2 Nd8 17. Qh5 Qg5 18. Qxg5 hxg5 19. Raf1 d6 20. Nd5 Bxd5 21. exd5 Kg7 22. g3 Rb8 23. c3 Rb5 24. Rd1 Ra5 25. a3 Rb5 26. Rd4 Rc5 27. Re2 Kf8 28. Ree4 f5 29. Re2 Kf7 30. Rf2 Kf6 31. g4 f4 32. h4 Nf7 33. hxg5+ Kxg5 34. Rfxf4 Ne5 35. Kg2 Rb5 36. Rf5+ Kg6 37. Rxe5 Rxb2+ 38. Kf3 dxe5 39. Rxc4 Rb7 40. Ke4 Kf6 41. Rb4 Rxb4+ 42. axb4 a6 43. c4 Ke7 44. Kxe5 Kf7 45. c5 Ke7 46. d6+ cxd6+ 47. cxd6+ Kd7 48. g5 a5 49. g6 axb4 50. g7 b3 51. g8=R b2 52. Rg1 b1=N 53. Rxb1 Ke8 54. Ke6 Kf8 55. Rb8+ Kg7 56. Rg8+ Kxg8 57. d7 Kg7 58. d8=R Kg6 59. Rf8 Kg5 60. Ke5 Kg4 61. Rf7 Kg3 62. Ke4 Kg2 63. Ke3 Kg1 64. Ke2 Kg2 65. Rg7+ Kh3 66. Kf2 Kh4 67. Kf3 Kh5 68. Kf4 Kh6 69. Rg1 Kh7 70. Kf5 Kh6 71. Rg2 Kh7 72. Kf6 Kh8 73. Kf7 Kh7 74. Rh2# 1-0

[Event "27.Autunno M.Monticelli B"]
[Site "Venezia"]
[Date "2023.10.13"]
[Round "1.14"]
[White "Destro, Andrea"]
[Black "Adel, Sarah"]
[Result "0-1"]
[WhiteElo "999"]
[BlackElo "1399"]
[Annotator "Ballarin,Gabriele"]
[PlyCount "74"]
[EventDate "2023.10.13"]
[EventType "swiss"]
[EventRounds "5"]
[EventCountry "ITA"]

1. e4 c5 2. Nc3 e6 3. f4 d5 4. Nf3 Nc6 5. Bb5 a6 6. exd5 axb5 7. dxc6 bxc6 8. d3 Nf6 9. Bd2 Qc7 10. Qe2 b4 11. Ne4 Nd5 12. g3 Ba6 13. f5 e5 14. O-O O-O-O 15. a3 b3 16. cxb3 Nf6 17. Rfc1 Bxd3 18. Qe1 Bxe4 19. Ba5 Qa7 20. Bxd8 Kxd8 21. Rd1+ Kc7 22. Kg2 Bd6 23. g4 Bd5 24. h3 h5 25. Rxd5 Nxd5 26. Nxe5 Re8 27. gxh5 Rxe5 28. Qf2 Rxf5 29. Qe1 Nf4+ 30. Kh1 Nxh3 31. Qh4 Nf2+ 32. Kg2 Nd3 33. Qe4 Nf4+ 34. Kh1 Rxh5+ 35. Kg1 c4+ 36. Kf1 Re5 37. Qxc4 Qe3 0-1

[Event "27.Autunno M.Monticelli B"]
[Site "Venezia"]
[Date "2023.10.13"]
[Round "1.15"]
[White "Amadardo, Matteo"]
[Black "Ghezzo, Sebastiano"]
[Result "1-0"]
[WhiteElo "1390"]
[BlackElo "999"]
[Annotator "Ballarin,Gabriele"]
[PlyCount "107"]
[EventDate "2023.10.13"]
[EventType "swiss"]
[EventRounds "5"]
[EventCountry "ITA"]

1. c4 e5 2. g3 Nc6 3. Nc3 Nf6 4. Bg2 Bc5 5. Nf3 O-O 6. O-O d6 7. d3 h6 8. a3 a5 9. b3 Bf5 10. h3 Re8 11. Bb2 Qd7 12. Kh2 Be6 13. e3 Ne7 14. Ng1 c6 15. Nge2 d5 16. cxd5 cxd5 17. d4 exd4 18. Nxd4 Bxd4 19. Qxd4 Nc6 20. Qd1 d4 21. Nb5 d3 22. Nd4 Nxd4 23. Bxd4 Qb5 24. Rb1 Rad8 25. a4 Qa6 26. Qf3 Bd5 27. Qf5 Bxg2 28. Kxg2 Nd5 29. Qg4 Qg6 30. Qxg6 fxg6 31. Rfd1 Nb4 32. Rbc1 Rd7 33. Rc5 Ra8 34. Bc3 d2 35. Rxd2 Rxd2 36. Bxd2 Rd8 37. Bxb4 axb4 38. Rb5 Rd7 39. Rxb4 Kf7 40. Rb6 g5 41. e4 Rc7 42. g4 Ke8 43. Kg3 Ke7 44. f3 Kf7 45. h4 gxh4+ 46. Kxh4 g6 47. f4 Kg7 48. g5 hxg5+ 49. Kxg5 Re7 50. Rxg6+ Kf7 51. e5 b5 52. a5 b4 53. Rb6 Ra7 54. a6 1-0

[Event "27.Autunno M.Monticelli B"]
[Site "Venezia"]
[Date "2023.10.13"]
[Round "1.16"]
[White "Jaccarino, Giulio"]
[Black "Gambarotto, Paolo"]
[Result "0-1"]
[WhiteElo "999"]
[BlackElo "1382"]
[Annotator "Ballarin,Gabriele"]
[PlyCount "50"]
[EventDate "2023.10.13"]
[EventType "swiss"]
[EventRounds "5"]
[EventCountry "ITA"]

1. e4 c6 2. d4 d5 3. Nc3 dxe4 4. Nxe4 Bf5 5. Ng3 Bg6 6. Nf3 Nd7 7. h4 h6 8. Bd3 Bxd3 9. Qxd3 e6 10. Bf4 Ngf6 11. O-O Be7 12. Ne2 Nd5 13. g3 g5 14. hxg5 hxg5 15. Bd2 g4 16. Nh2 N7f6 17. c4 Nb4 18. Qb3 Qa5 19. Kg2 Rxh2+ 20. Kxh2 Qh5+ 21. Kg1 O-O-O 22. f4 Ne4 23. Rfd1 Rh8 24. Kf1 Qh3+ 25. Ke1 Qh1+ 0-1

[Event "27.Autunno M.Monticelli B"]
[Site "Venezia"]
[Date "2023.10.13"]
[Round "1.17"]
[White "Khalamivskiy, Mykhailo"]
[Black "Salgado, David"]
[Result "1-0"]
[WhiteElo "1373"]
[BlackElo "999"]
[Annotator "Ballarin,Gabriele"]
[PlyCount "85"]
[EventDate "2023.10.13"]
[EventType "swiss"]
[EventRounds "5"]
[EventCountry "ITA"]

1. e4 e5 2. Nf3 Nc6 3. d4 exd4 4. Nxd4 Nxd4 5. Qxd4 d6 6. Nc3 Nf6 7. Bg5 Be7 8. Bc4 O-O 9. O-O-O h6 10. Bh4 Nh5 11. Bxe7 Qxe7 12. f3 Be6 13. g4 Qg5+ 14. Kb1 Nf4 15. Bxe6 Nxe6 16. Qf2 Rfd8 17. h4 Qf4 18. Nd5 Qe5 19. f4 Qxe4 20. Rhe1 Qc4 21. f5 Nc5 22. g5 hxg5 23. hxg5 Qg4 24. Ne7+ Kf8 25. Qh2 Ke8 26. Ng6+ Kd7 27. Ne5+ Kc8 28. Nxg4 b6 29. Qh1 Kb8 30. Qc6 a5 31. Re7 Ra7 32. Ne3 Na6 33. Rxd6 Rc8 34. Re8 Rxe8 35. Qxe8+ Kb7 36. Rd8 Nc5 37. c4 Ka6 38. Rb8 Rb7 39. Qc8 b5 40. cxb5+ Kxb5 41. Rxb7+ Nxb7 42. Qxb7+ Ka4 43. Qb3# 1-0

[Event "27.Autunno M.Monticelli B"]
[Site "Venezia"]
[Date "2023.10.13"]
[Round "1.18"]
[White "Schievano, Massimiliano"]
[Black "Rignanese, Michele"]
[Result "1/2-1/2"]
[WhiteElo "999"]
[BlackElo "1368"]
[Annotator "Ballarin,Gabriele"]
[PlyCount "66"]
[EventDate "2023.10.13"]
[EventType "swiss"]
[EventRounds "5"]
[EventCountry "ITA"]

1. d4 d5 2. c4 c6 3. Nf3 Nf6 4. g3 Bf5 5. Bg2 e6 6. O-O c5 7. Nc3 Be7 8. dxc5 Bxc5 9. Re1 O-O 10. Bg5 Be7 11. Nh4 Be4 12. f3 Qb6+ 13. Kh1 Bg6 14. Nxg6 hxg6 15. cxd5 exd5 16. Bxf6 Bxf6 17. Nxd5 Qd6 18. e4 Nc6 19. f4 Bxb2 20. Rb1 Ba3 21. Qb3 Na5 22. Qa4 b6 23. e5 Qc5 24. Rb5 Qf2 25. Rf1 Qxa2 26. Nb4 Qc4 27. Ra1 Bxb4 28. Rxb4 Qc3 29. Bxa8 Rxa8 30. Rbb1 Qf3+ 31. Kg1 Qe3+ 32. Kg2 Qe2+ 33. Kg1 Qe3+ 1/2-1/2

[Event "27.Autunno M.Monticelli B"]
[Site "Venezia"]
[Date "2023.10.14"]
[Round "2.1"]
[White "Adel, Sarah"]
[Black "Velluti, Alberto"]
[Result "0-1"]
[WhiteElo "1399"]
[BlackElo "1718"]
[Annotator "Ballarin,Gabriele"]
[PlyCount "60"]
[EventDate "2023.10.13"]
[EventType "swiss"]
[EventRounds "5"]
[EventCountry "ITA"]

1. e4 e5 2. Nf3 Nc6 3. Bb5 Nf6 4. O-O d6 5. d4 exd4 6. Nxd4 Bd7 7. Nc3 Be7 8. f4 O-O 9. h3 a6 10. Nxc6 bxc6 11. Bd3 Re8 12. g4 h6 13. Qf3 Be6 14. f5 Bc8 15. Kh2 Nd7 16. Be3 Ne5 17. Qg2 Rb8 18. Rab1 Bb7 19. Bf4 Bf6 20. Rfd1 d5 21. exd5 cxd5 22. Bxa6 Bxa6 23. Nxd5 Bb7 24. c4 Nxc4 25. Nxf6+ Qxf6 26. Qc2 Ne3 27. Bxe3 Rxe3 28. Qxc7 Re2+ 29. Kg1 Rg2+ 30. Kf1 Qa6+ 0-1

[Event "27.Autunno M.Monticelli B"]
[Site "Venezia"]
[Date "2023.10.14"]
[Round "2.2"]
[White "Gambarotto, Paolo"]
[Black "De Bona, Filippo"]
[Result "0-1"]
[WhiteElo "1382"]
[BlackElo "1624"]
[Annotator "Ballarin,Gabriele"]
[PlyCount "96"]
[EventDate "2023.10.13"]
[EventType "swiss"]
[EventRounds "5"]
[EventCountry "ITA"]

1. d4 d5 2. Bf4 Nf6 3. e3 c5 4. c3 Nc6 5. Nd2 Bf5 6. Ngf3 e6 7. Ne5 Nxe5 8. dxe5 Nd7 9. Nf3 Be7 10. Bd3 Bxd3 11. Qxd3 c4 12. Qc2 Nc5 13. O-O O-O 14. b4 Nd3 15. Bg3 a5 16. a3 axb4 17. cxb4 b5 18. Nd4 Qb6 19. f4 Ra4 20. f5 Bg5 21. Bf2 Nxe5 22. Qe2 Nd3 23. Qg4 Nxf2 24. Qxg5 Ne4 25. Qg4 e5 26. Nc2 Nf6 27. Qh4 Ra7 28. Rf3 Ne4 29. Rh3 h6 30. g4 Qf6 31. Qxf6 Nxf6 32. Rd1 Rd8 33. Rg3 Ne4 34. Rg2 Nc3 35. Ra1 d4 36. exd4 exd4 37. Kf1 d3 38. Rd2 Rda8 39. Nd4 Rxa3 40. Rxa3 Rxa3 41. h4 Kf8 42. g5 hxg5 43. hxg5 Ne4 44. Rd1 Nxg5 45. Nxb5 Rb3 46. Nc7 Rxb4 47. Nd5 Rb2 48. Ne3 Rh2 0-1

[Event "27.Autunno M.Monticelli B"]
[Site "Venezia"]
[Date "2023.10.14"]
[Round "2.3"]
[White "Balbi, Fabio"]
[Black "Arcudi, Gioele"]
[Result "1-0"]
[WhiteElo "1622"]
[BlackElo "1413"]
[Annotator "Ballarin,Gabriele"]
[PlyCount "29"]
[EventDate "2023.10.13"]
[EventType "swiss"]
[EventRounds "5"]
[EventCountry "ITA"]

1. d4 Nf6 2. c4 g6 3. Nc3 Bg7 4. e4 d6 5. Be2 O-O 6. Nf3 e5 7. O-O Nc6 8. d5 Ne7 9. Ne1 Ne8 10. f4 exf4 11. Bxf4 f5 12. Nd3 fxe4 13. Nxe4 Bf5 14. Bg5 Bxb2 15. Nxb2 1-0

[Event "27.Autunno M.Monticelli B"]
[Site "Venezia"]
[Date "2023.10.14"]
[Round "2.4"]
[White "Piovesan, Sara"]
[Black "Marson, Eva Jane"]
[Result "0-1"]
[WhiteElo "1235"]
[BlackElo "1621"]
[Annotator "Ballarin,Gabriele"]
[PlyCount "36"]
[EventDate "2023.10.13"]
[EventType "swiss"]
[EventRounds "5"]
[EventCountry "ITA"]

1. d4 d5 2. Bf4 c5 3. e3 Nc6 4. Nd2 cxd4 5. exd4 Nxd4 6. c4 Bf5 7. Rc1 Nc6 8. cxd5 Qxd5 9. Ngf3 e5 10. Bc4 Qd6 11. Bxf7+ Kxf7 12. Qb3+ Ke8 13. Qxb7 Rb8 14. Rxc6 Rxb7 15. Rxd6 Bxd6 16. Nxe5 Bxe5 17. Bxe5 Re7 18. Nc4 Bd3 0-1